Agrární banka (1911-1938). 1. K tradicím zemědělského bankovnictví a peněžnictví v českých zemích.
Vznik a organizácia Agrárnej banky v Čechách v r. 1911. Jej úlohou bolo uskutočňovať komisionárske dopravné obchody s poľnohospodárskymi plodinami a s výrobkami potravinárskeho priemyslu, poľnohospodárskeho strojárstva a s umelými hnojivami. Zameranie a činnosť odborných oddelení. Úloha pobočiek Agr...
Gespeichert in:
| 1. Verfasser: | |
|---|---|
| Weitere Verfasser: | |
| Format: | Buchkapitel |
| Sprache: | Tschechisch |
| Schlagworte: | |
| Tags: |
Keine Tags, Fügen Sie das erste Tag hinzu!
|
MARC
| LEADER | 00000naa a2200000 4500 | ||
|---|---|---|---|
| 001 | r013308 | ||
| 005 | 20221213081649.5 | ||
| 041 | 0 | |a cze | |
| 044 | |a CZ | ||
| 245 | 1 | 0 | |a Agrární banka (1911-1938). 1. |b K tradicím zemědělského bankovnictví a peněžnictví v českých zemích. |c J. Novotný, J. Šouša |
| 520 | |a Vznik a organizácia Agrárnej banky v Čechách v r. 1911. Jej úlohou bolo uskutočňovať komisionárske dopravné obchody s poľnohospodárskymi plodinami a s výrobkami potravinárskeho priemyslu, poľnohospodárskeho strojárstva a s umelými hnojivami. Zameranie a činnosť odborných oddelení. Úloha pobočiek Agrobanky. | ||
| 610 | 2 | 0 | |a banky poľnohospodárske |
| 610 | 2 | 0 | |a Čechy |
| 610 | 2 | 0 | |a 1911-1938 |
| 610 | 2 | 0 | |a dejiny hospodárske |
| 610 | 2 | 0 | |a výrobky poľnohospodárske |
| 610 | 2 | 0 | |a potravinárstvo |
| 610 | 2 | 0 | |a hnojivá umelé |
| 100 | 1 | |a Novotný, J. | |
| 700 | 1 | |a Šouša, Jiří | |